000 00383nam a22001337a 4500
999 _c2300
_d2300
008 200220b ||||| |||| 00| 0 eng d
020 _a817035367X
100 _91879
_aKhanna, D.R.
245 1 0 _aAquatic biodiversity in India:the present scenario /
_cby D.R. Khanna
260 _aDelhi,
_bDaya Publication:
_c2005.
300 _aix,369p.
650 0 _aAquatic Biodiversity
942 _cBK